Регионална библиотека "Любен Каравелов" - Русе

Доверие (Запис номер 16602)

MARC детайли
000 -Лидер
Контролно поле с фиксирана дължина 01719nam a2200385 c 4500
003 - Код на организацията, давaща контролен номер
Контролно поле BLK
005 - Дата и час на последна редакция
Контролно поле 20240408093633.0
008 - Елементи от данни с фиксирана дължина
fixed length control field 180413b bul|||||r ||||||| ||bul||
010 ## - Наследен системен номер
LC control number KNG00018484000
020 ## - Международен стандартен номер на книга ISBN
Международен стандартен номер на книга ISBN 954-8440-14-8
-- издат.: Рива
040 ## - Източник на каталожния запис
Идентификатор на билиотеката - собственик на записа BLK
041 ## - Код за език
Код за езика на текст/звукозапис или на отделно заглавие Български
Код за езика КДБФ Български
080 ## - УДК
Текстов определител УДК Стопански системи. Стадии и степени на развитие на икономиката
УДК код - определител по УДК 330.342
УДК определител
УДК - код + определител 330.342
080 ## - УДК
Текстов определител УДК Икономическа психология. Икономическо поведение. Физиологични и психологични елементи. Интереси. Икономически дух
УДК код - определител по УДК 330.16
УДК определител
УДК - код + определител 330.16
080 ## - УДК
Текстов определител УДК Етика на бизнеса. Успех
УДК код - определител по УДК 174.4
УДК определител
УДК - код + определител 174.4
100 1# - Редна дума - Автор
Автор Фукуяма, Франсис
Авторска отговорност първи автор
R(LIN) 135124
139 ## - Редно поле
Редна дума Фукуяма, Франсис
Авторски знак Фук - Ф 90
245 10 - Сведения за заглавието
Заглавие Доверие
Подзаглавни данни Общ. ценности и създаването на благосъстояние
Редно поле (дума) Франсис Фукуяма.
257 ## - Страна на издаване
Страна на създаване/издаване Съединени американски щати
260 ## - Област на издателските данни
-- София
Име на издателя, разпространителя и проч. Рива
Година на издаване 1997
300 ## - Физическа характеристика
Страници 480 с.
Размери/Мащаб 20 см
380 ## - Жанр
Жанр Обществени науки
500 ## - Общи забележки
Забележка Ориг. загл. The Free Press / Francis Fukuyama. - 1 000 тир.
650 #4 - Допълнително описание по предмет – тема
Основно описание – тема или топоним Икономически системи
9 (RLIN) 261259
650 #4 - Допълнително описание по предмет – тема
Основно описание – тема или топоним Поведение - в бизнеса
9 (RLIN) 243749
650 #4 - Допълнително описание по предмет – тема
Основно описание – тема или топоним Бизнес - етични проблеми
9 (RLIN) 243750
653 ## - Ключова дума – ненормативна
Ключова дума бизнес поведение
653 ## - Ключова дума – ненормативна
Ключова дума етика
852 ## - Местоположение
Форматна сигнатура Цб 194008
856 4# - Електронен адрес и достъп
Електронен формат pdf - файл
Път до файла /url/
856 4# - Електронен адрес и достъп
Електронен формат pdf - файл
Път до файла /url/
942 ## - АРТИКУЛИ
Вид на библиотечния материал Книги
Скрит в OPAC Не
Koha issues (borrowed), all copies 3
944 ## - СЪЗДАВАНЕ И РЕДАКЦИЯ на ЗАПИСА
Създаване/Редакция Създаване
Дата на регистрацията/редакция 15.01.2003
Служител, извършил регистрацията/редакцията 30576
Статус, дата на статуса Цветомила Тодорова
944 ## - СЪЗДАВАНЕ И РЕДАКЦИЯ на ЗАПИСА
Създаване/Редакция Редакция
Дата на регистрацията/редакция 23.12.2016
Служител, извършил регистрацията/редакцията Даниел_Димитров
999 ## - СИСТЕМНИ КОНТРОЛНИ НОМЕРА
Koha biblionumber 16602
Koha biblioitemnumber 16602
Наличности
Код за отписване Код за изгубен артикул Източник на класификационната схема Код за повреда Коз за рестрикции Код за отдаване Артикулен № Име на библиотеката - собственик Име на библиотеката, в която се намира в момента Статус (Текущо местоположение) Дата на вписване в системата Местоположение - отдел Цена в лева Инвентарен номер Систематично азбучна сигнатура Баркод Номер на екземпляра Цена в евро Служебен тип на артикула Служебна бележка
  Не е изгубен Universal Decimal Classification Не е повреден без рестрикции ползва се в читалня 27978 Регионална библиотека "Любен Каравелов" Русе Регионална библиотека "Любен Каравелов" Русе Хранилище 2001-01-01 Хранилище 0.00 635170 Цб 194008 120000635170 1 0.00 Книги  
  Не е изгубен Universal Decimal Classification Не е повреден без рестрикции заемане за дома 27979 Регионална библиотека "Любен Каравелов" Русе Регионална библиотека "Любен Каравелов" Русе Заемна - подръчен фонд 2001-01-01 Заемна - подръчен фонд 9.90 636298 П 330/Ф 90 120000636298 2 5.06 Книги Дата инв: 05.02.2018 Бележки инв: П2018
Vip Innovations Ltd, Rousse, Bulgaria 2025